| 000 | 01216nam0a22002651 4500 | ||
|---|---|---|---|
| 001 | rc\589113 | ||
| 005 | 20260406105357.0 | ||
| 035 | _a(NLR Aleph) 005834632 | ||
| 090 |
_a5615252 _c5615252 |
||
| 100 | _a20031121d1998 |||y0rusy50 ca | ||
| 101 | 0 | _arus | |
| 102 | _aRU | ||
| 105 | _ay ||||||||| | ||
| 200 | 1 |
_aХолодильная техника в торговле _eУчеб. пособие _e[Для студентов спец. 27.12.00 _fИсаев Н.И., Крысин А.Г., Пеленко В.В. и др.] _gПод ред. проф. Гуляева В.А. _gМ-во внеш. экон. связей и торговли Рос. Федерации, С.-Петерб. торгово-экон. ин-т |
|
| 210 |
_aСПб. _cСПбТЭИ _d1998 |
||
| 215 |
_a71 с. _d20 |
||
| 320 | _aБиблиогр.: с. 63 | ||
| 701 | 1 |
_aИсаев _bН.И. _gНиколай Иванович |
|
| 702 | 1 |
_aГуляев _bВ.А. _gВиталий Андреевич _4340 |
|
| 712 | 0 | 2 |
_aСанкт-Петербургский торгово-экономический институт _3RU\NLR\AUTH\884309 _9280041 |
| 801 | 0 |
_aRU _bNLR _gpsbo |
|
| 801 | 1 |
_aRU _bELAR _2rusmarc |
|
| 852 |
_aNLR _j99-4/5005 |
||
| 942 | _cBOOK | ||
| 980 | _aNB | ||